Animals in Esperanto - Statistics

General Stats
  • This quiz has been taken 124 times
  • The average score is 13 of 15
Answer Stats
Esperanto English % Correct
Aligatoro Alligator
98%
Birdo Bird
98%
Porko Pig
98%
Kato Cat
97%
Krokodilo Crocodile
97%
Insekto Insect/Bug
97%
Hundo Dog
96%
Fiso Fish
96%
Homo Person/Human
88%
Bovino Cow
87%
Cevalo Horse
85%
Araneo Spider
82%
Muso Fly/Mouse
81%
Koko Chicken
55%
Anaso Duck
26%
No matching quizzes found
Score Distribution
Percent of People with Each Score
Percentile by Number Answered
Your Score History
You have not taken this quiz